[Event "HUN-chT2 Charousek 1213"]
[Site "Hungary"]
[Date "2013.02.17"]
[Round "7"]
[White "Balogh, Mate"]
[Black "Havanecz, Bianka"]
[Result "0-1"]
[WhiteElo "2011"]
[BlackElo "2049"]
[PlyCount "46"]
[EventDate "2012.09.16"]
[EventType "team-tourn"]
[EventRounds "11"]
[EventCountry "HUN"]
[SourceTitle "EXT 2014"]
[Source "ChessBase"]
[SourceDate "2013.11.20"]
[SourceVersion "1"]
[SourceVersionDate "2013.11.20"]
[SourceQuality "1"]
[WhiteTeam "Haladas II"]
[BlackTeam "Aquaprofit II"]
[WhiteTeamCountry "HUN"]
[BlackTeamCountry "HUN"]

1. Nf3 d5 2. d4 Nf6 3. Bf4 e6 4. Nbd2 Nbd7 5. c4 c6 6. e3 h6 7. Bd3 Be7 8. 0-0 0-0 9. Re1 dxc4 10. Nxc4 c5 11. Rc1 b5 12. Nd6 c4 13. Nxb5 cxd3 14. Bc7 Qe8 15. Nd6 Bxd6 16. Bxd6 Ba6 17. Qa4 Bb7 18. Rc7 Bxf3 19. gxf3 Nb6 20. Qa6 Qd8 21. Bxf8 Qxc7 22. Bc5 Rd8 23. Qxd3 Qxc5 0-1

[Event "HUN-chT2 Charousek 1112"]
[Site "Hungary"]
[Date "2011.11.27"]
[Round "4"]
[White "Oltean, Gusztav"]
[Black "Balogh, Mate"]
[Result "1-0"]
[WhiteElo "2109"]
[BlackElo "2043"]
[PlyCount "71"]
[EventDate "2011.09.25"]
[EventType "team-tourn"]
[EventRounds "11"]
[EventCountry "HUN"]
[SourceTitle "EXT 2013"]
[Source "ChessBase"]
[SourceDate "2012.11.22"]
[SourceVersion "1"]
[SourceVersionDate "2012.11.22"]
[SourceQuality "1"]
[WhiteTeam "Veszprem"]
[BlackTeam "Haladas II"]
[WhiteTeamCountry "HUN"]
[BlackTeamCountry "HUN"]

1. Nf3 Nf6 2. g3 d5 3. Bg2 c6 4. b3 e6 5. Bb2 Be7 6. 0-0 Nbd7 7. d3 Qc7 8. c4 0-0 9. Nbd2 b6 10. Qc2 Bb7 11. cxd5 exd5 12. Rac1 Rad8 13. Nd4 c5 14. Nf5 Rfe8 15. Nxe7+ Rxe7 16. e3 Qb8 17. Qb1 Ba6 18. Rfd1 Ne5 19. Nf3 Nxf3+ 20. Bxf3 d4 21. e4 h5 22. Rc2 g5 23. Bc1 Qe5 24. Bg2 h4 25. f4 gxf4 26. Bxf4 Qh5 27. Qc1 hxg3 28. Bxg3 Re6 29. Rf2 Kf8 30. Rf5 Qe2 31. Qh6+ Ke7 32. Re1 Qg4 33. Rxf6 Rxf6 34. Bh4 Qe6 35. e5 Kd7 36. exf6 1-0

[Event "HUN-chT2 Szechenyi 1011"]
[Site "Hungary"]
[Date "2011.05.15"]
[Round "11.12"]
[White "Egresi, Kristof"]
[Black "Balogh, Mate"]
[Result "1-0"]
[WhiteElo "1666"]
[BlackElo "2054"]
[PlyCount "91"]
[EventDate "2010.09.12"]
[EventType "team-tourn"]
[EventRounds "11"]
[EventCountry "HUN"]
[SourceTitle "EXT 2012"]
[Source "ChessBase"]
[SourceDate "2011.11.24"]
[SourceVersion "1"]
[SourceVersionDate "2011.11.24"]
[SourceQuality "1"]
[WhiteTeam "Ajka Banyasz"]
[BlackTeam "Baki Agrocentrum"]
[WhiteTeamCountry "HUN"]
[BlackTeamCountry "HUN"]

1. d4 d5 2. c4 e6 3. Nf3 c5 4. cxd5 exd5 5. dxc5 Bxc5 6. Nc3 Nf6 7. Bg5 d4 8. Nb5 Bb4+ 9. Bd2 Bc5 10. Rc1 b6 11. b4 Ba6 12. Qa4 0-0 13. bxc5 Bxb5 14. Qxb5 Ne4 15. c6 Qc7 16. Nxd4 Rd8 17. e3 a6 18. Qf5 Nd6 19. Qf4 Ra7 20. Bb4 a5 21. Bxd6 Qxd6 22. Qxd6 Rxd6 23. Nb5 Rxc6 24. Rxc6 Nxc6 25. Nxa7 Nxa7 26. a4 f6 27. Bc4+ Kf8 28. Kd2 Nc6 29. Rb1 Nb4 30. Kc3 Ke7 31. Rxb4 axb4+ 32. Kxb4 Kd6 33. Kb5 Kc7 34. Ka6 h6 35. e4 Kc6 36. Bb5+ Kc5 37. Kb7 g5 38. g4 Kd4 39. Kxb6 Kxe4 40. Bc6+ Kf4 41. f3 Ke3 42. a5 Kf2 43. a6 Kg2 44. a7 Kxh2 45. a8Q Kg3 46. Qh8 1-0

[Event "HUN-chT2 Charousek 1011"]
[Site "Hungary"]
[Date "2011.05.01"]
[Round "10"]
[White "Balogh, Mate"]
[Black "Grimm, Daniel"]
[Result "0-1"]
[WhiteElo "2054"]
[BlackElo "1879"]
[PlyCount "116"]
[EventDate "2010.09.12"]
[EventType "team-tourn"]
[EventRounds "11"]
[EventCountry "HUN"]
[SourceTitle "EXT 2012"]
[Source "ChessBase"]
[SourceDate "2011.11.24"]
[SourceVersion "1"]
[SourceVersionDate "2011.11.24"]
[SourceQuality "1"]
[WhiteTeam "Haladas II"]
[BlackTeam "BEAC"]
[WhiteTeamCountry "HUN"]
[BlackTeamCountry "HUN"]

1. Nf3 Nf6 2. g3 g6 3. Bg2 Bg7 4. 0-0 0-0 5. d4 d6 6. c4 a6 7. Nc3 Nc6 8. e4 Rb8 9. Re1 b5 10. d5 Na5 11. cxb5 axb5 12. Qd3 b4 13. Nd1 c6 14. dxc6 Nxc6 15. Nd4 Nxd4 16. Qxd4 Be6 17. a3 Nd7 18. Qe3 Nc5 19. axb4 Nb3 20. Ra4 Qe8 21. Ra3 Rxb4 22. Bd2 Nxd2 23. Qxd2 Qb8 24. Ra8 Rxb2 25. Rxb8 Rxd2 26. Rxf8+ Kxf8 27. Ne3 Bd4 28. Bf3 Kg7 29. Re2 Rxe2 30. Bxe2 Bxe3 31. fxe3 Kf6 32. Kf2 Ke5 33. Bd3 Bd7 34. Bc4 e6 35. Bd3 Bc6 36. Bc2 Bxe4 37. Ba4 Bd3 38. Bc6 d5 39. Kf3 Kd6 40. Ba4 e5 41. Be8 f6 42. Bf7 Kc5 43. h4 d4 44. g4 g5 45. hxg5 fxg5 46. Be6 Kb4 47. Kf2 Kc3 48. Bf5 Kd2 49. exd4 exd4 50. Kf3 h6 51. Be6 Ke1 52. Bb3 Bg6 53. Ba4 d3 54. Ke3 d2 55. Kd4 d1Q+ 56. Bxd1 Kxd1 57. Ke5 Ke2 58. Kf6 Kf3 0-1

[Event "HUN-chT2 Szechenyi 0304"]
[Site "Hungary"]
[Date "2004.03.21"]
[Round "9"]
[White "Jonas, Zsolt"]
[Black "Balogh, Mate"]
[Result "1-0"]
[WhiteElo "2114"]
[BlackElo "2157"]
[PlyCount "71"]
[EventDate "2003.09.28"]
[EventType "team"]
[EventRounds "11"]
[EventCountry "HUN"]
[SourceTitle "EXT 2009"]
[Source "ChessBase"]
[SourceDate "2008.11.26"]
[SourceVersion "1"]
[SourceVersionDate "2008.11.26"]
[SourceQuality "1"]
[WhiteTeam "Lovo"]
[BlackTeam "Szentgotthard"]
[WhiteTeamCountry "HUN"]
[BlackTeamCountry "HUN"]

1. e4 d6 2. d4 Nf6 3. Nc3 Nbd7 4. Be2 e5 5. Nf3 c6 6. 0-0 Be7 7. h3 0-0 8. Be3 Qc7 9. Nh2 a6 10. f4 b5 11. Bf3 Bb7 12. Qe1 Rfe8 13. Qg3 Bf8 14. Rae1 b4 15. Ne2 exd4 16. Nxd4 c5 17. Nf5 Kh8 18. e5 dxe5 19. Bxb7 exf4 20. Bxf4 Qxb7 21. Bd6 Nh5 22. Qb3 c4 23. Qf3 Qb6+ 24. Kh1 Bxd6 25. Nxd6 Qxd6 26. Qxh5 g6 27. Rd1 Qc6 28. Qg5 Ne5 29. Rd4 f5 30. Rfd1 Nf7 31. Qd2 a5 32. c3 Rab8 33. Rd7 Qxd7 34. Qxd7 Red8 35. Qa4 b3 36. Rb1 1-0

[Event "HUN-chT2 Szechenyi 0304"]
[Site "Hungary"]
[Date "2004.02.08"]
[Round "7"]
[White "Mezei, Zsolt"]
[Black "Balogh, Mate"]
[Result "0-1"]
[WhiteElo "2100"]
[BlackElo "2157"]
[PlyCount "68"]
[EventDate "2003.09.28"]
[EventType "team"]
[EventRounds "11"]
[EventCountry "HUN"]
[SourceTitle "EXT 2009"]
[Source "ChessBase"]
[SourceDate "2008.11.26"]
[SourceVersion "1"]
[SourceVersionDate "2008.11.26"]
[SourceQuality "1"]
[WhiteTeam "Veszprem"]
[BlackTeam "Szentgotthard"]
[WhiteTeamCountry "HUN"]
[BlackTeamCountry "HUN"]

1. e4 d6 2. d4 Nf6 3. Nc3 Nbd7 4. Nf3 e5 5. Bg5 Be7 6. Qd2 c6 7. h3 Qc7 8. Bc4 b5 9. Bd3 a6 10. 0-0 Bb7 11. Rfe1 h6 12. Bh4 g5 13. Bg3 g4 14. hxg4 Nxg4 15. dxe5 dxe5 16. Nh4 0-0-0 17. Qe2 Rdg8 18. Qf3 Bf6 19. Nd1 h5 20. Ne3 Nxe3 21. Qxe3 Kb8 22. Be2 Qd8 23. Nf5 h4 24. Bh2 Bg5 25. Qd3 Bf4 26. Rad1 Qg5 27. Qh3 Nc5 28. Nd6 Bxh2+ 29. Qxh2 Qf6 30. b4 Ne6 31. Nf5 Nf4 32. Bf3 Bc8 33. Ne3 Nxg2 34. Qxg2 Qxf3 0-1

[Event "HUN-chT2 Szechenyi 0203"]
[Site "Hungary"]
[Date "2003.04.13"]
[Round "11"]
[White "Enzsoly, Miklos"]
[Black "Balogh, Mate"]
[Result "1/2-1/2"]
[WhiteElo "1637"]
[BlackElo "1974"]
[PlyCount "26"]
[EventDate "2002.09.22"]
[EventType "team"]
[EventRounds "11"]
[EventCountry "HUN"]
[SourceTitle "EXT 2009"]
[Source "ChessBase"]
[SourceDate "2008.11.26"]
[SourceVersion "1"]
[SourceVersionDate "2008.11.26"]
[SourceQuality "1"]

1. e4 d6 2. d4 Nf6 3. Nc3 Nbd7 4. Nf3 e5 5. Be2 c6 6. Be3 b5 7. a3 a6 8. Nd2 Be7 9. 0-0 Bb7 10. dxe5 dxe5 11. Bf3 0-0 12. Qe2 Qc7 13. Rfd1 Rfd8 1/2-1/2

[Event "HUN-chT2 Szechenyi 0203"]
[Site "Hungary"]
[Date "2003.02.02"]
[Round "6"]
[White "Balogh, Mate"]
[Black "Bodnar, Zoltan"]
[Result "1/2-1/2"]
[WhiteElo "1974"]
[BlackElo "2193"]
[PlyCount "40"]
[EventDate "2002.09.22"]
[EventType "team"]
[EventRounds "11"]
[EventCountry "HUN"]
[SourceTitle "EXT 2009"]
[Source "ChessBase"]
[SourceDate "2008.11.26"]
[SourceVersion "1"]
[SourceVersionDate "2008.11.26"]
[SourceQuality "1"]

1. Nf3 d5 2. g3 Nf6 3. Bg2 c6 4. 0-0 e6 5. d4 Be7 6. c3 0-0 7. Bf4 Nbd7 8. Nbd2 Ne4 9. Ne5 f5 10. f3 Nxd2 11. Qxd2 g5 12. Nxd7 Bxd7 13. Be5 Bf6 14. Bxf6 Qxf6 15. f4 g4 16. Qe3 h5 17. Qe5 Qxe5 18. fxe5 Kg7 19. Rf4 Rfc8 20. Kf2 Rh8 1/2-1/2